00531nam a2200181 a 45000010010000000030011000100080041000210350026000620820017000881000026001052450032001312600039001636500010002029420012002129520090002249980020003149990015003340000-8991ELIB.Books110520 1947  a(ELIB.Books)0000-9140 a808.82 bBro aBrown, Thelma Sharman aTreasury of Religious Plays bNew York: Association Press c1947 aDrama 2ddccBK 00102ddc4070aKBTSbKBTSd2011-05-20l0p1259r2022-01-22 00:00:00w2022-01-22yBK cbate2011-05-20 c8991d8991